Вып. 19 : Железо, кобальт, никель; Пособие к лабораторным занятиям по общей и неорганической химии

Detalles Bibliográficos
Parent link:Пособие к лабораторным занятиям по общей и неорганической химии/ Томский политехнический институт (ТПИ), Кафедра общей и неорганической химии. Вып. 19 : Железо, кобальт, никель.— , 1970
Lenguaje:ruso
Publicado: 1970
Materias:
Formato: MixedMaterials Libro
KOHA link:https://koha.lib.tpu.ru/cgi-bin/koha/opac-detail.pl?biblionumber=261733

MARC

LEADER 00000nam2a2200000 4500
001 261733
005 20231101233605.0
035 |a (RuTPU)RU\TPU\book\284714 
035 |a RU\TPU\book\284713 
090 |a 261733 
100 |a 20140526d1970 m y0rusy50 ca 
101 0 |a rus 
102 |a RU 
105 |a y j 000zy 
200 0 |a Вып. 19 : Железо, кобальт, никель 
210 |d 1970 
215 |a 9 с. 
461 1 |0 (RuTPU)RU\TPU\book\285130  |t Пособие к лабораторным занятиям по общей и неорганической химии  |f Томский политехнический институт (ТПИ), Кафедра общей и неорганической химии  |v Вып. 19 : Железо, кобальт, никель  |d 1970 
606 1 |a Химия общая  |2 stltpush  |3 (RuTPU)RU\TPU\subj\67862  |9 83510 
606 1 |a Неорганическая химия  |2 stltpush  |3 (RuTPU)RU\TPU\subj\67586  |9 83311 
610 1 |a учебные пособия 
610 1 |a лабораторные занятия 
610 1 |a лабораторные работы 
610 1 |a химические элементы 
610 1 |a железо 
610 1 |a кобальт 
610 1 |a никель 
675 |a 54(076.5)  |v 3 
675 |a 546(076.5)  |v 3 
801 1 |a RU  |b 63413507  |c 20140526 
801 2 |a RU  |b 63413507  |c 20150506  |g RCR 
942 |c BK